000 00853nam a2200241Ia 4500
003 OSt
005 20220923223849.0
006 a|||||r|||| 00| 0
007 ta
008 220922b |||||||| |||| 00| 0 hin d
024 _a222,441
037 _cTextual
040 _aARTS
_cARTS
_bhin
041 _2hin
_ahin
082 _aV2xN26x, 152P4
100 _aवाजपेयी, अटल बिहारी, ले.
_9167624
245 0 _aनए विश्व की अेारः निर्णायक दौर
246 _aNae vishva kī aeārah nirṇāyak daura
260 _aनयी दिल्ली
_b प्रकाशन विभाग
_c2004
300 _a195पृ.
_ccm.
942 _hV2xN26x, 152P4
_cTEXL
_2CC
999 _c367829
_d367829